| 000 | 00702nabaa22001817a 4500 | ||
|---|---|---|---|
| 999 |
_c6117 _d6117 |
||
| 003 | OSt | ||
| 005 | 20260122202646.0 | ||
| 008 | 190701b xxu||||| |||| 00| 0 spa d | ||
| 040 | _cPJ | ||
| 100 |
_96883 _aMonti, Laura |
||
| 245 | 1 | 0 |
_aHabilitación de la instancia contencioso-administrativa en el orden federal / _cLaura Monti. |
| 300 | _ap. 18-24 | ||
| 505 | _t¿Te interesa el texto completo? Comunicate al correo: koha@justierradelfuego.gov.ar | ||
| 650 | 0 |
_9211 _aDERECHO ADMINISTRATIVO |
|
| 650 | 0 |
_94153 _aCOMPETENCIA CONTENCIOSO ADMINISTRATIVA |
|
| 773 | 0 |
_02842 _93251 _dBuenos Aires : AbeledoPerrot, 2012- _oDA121 _tDerecho administrativo. Nº 147 mayo/junio 2023 _z18510590 |
|
| 942 |
_2udc _cANA |
||